000 00957nam a2200313Ia 4500
001 dia_1819
003 CHAP
005 20230327100033.0
008 220117s1966 xx 000 0 und d
010 _a172357
040 _cCHAP
082 _a631.521 R36 1966
100 _aRamírez Genel, Marcos
_994023
245 _aAlmacenamiento y conservación de granos y semillas /
_c Marcos Ramírez Genel
260 _aMéxico :
_b CECSA,
_c1966
300 _a300 p.
500 _aEl ej. 3 es material fotocopiado
503 _aD. (ej. 1) \ C/e (ej. 2)
504 _aIncluye bibliografías
590 _aSB190 R36 1966
650 _aAlmacenamiento de semillas /
_9148154
650 _aCereales
_xAlmacenamiento
_921373
650 _aCereals
_xStorage
_9151628
650 _aSeed storage
_9148158
901 _a631.521 R36 1966
902 _aM
905 _a5232271966 mx aimn8222223322spa16
942 _cLIBRO
_2ddc
999 _c172357
_d172357